| 000 | 00753nam a22002771 4500 | ||
|---|---|---|---|
| 001 | 32741 | ||
| 003 | BD-RjUL | ||
| 005 | 20211209051904.0 | ||
| 008 | 140428s1929 enk 000 0 eng d | ||
| 035 | _a(BD-RjUL)32831 | ||
| 035 | _a(OCoLC)2218570 | ||
| 040 |
_aDLC _cMiBsA _dDLC _dBD-RjUL _beng |
||
| 041 | _aeng | ||
| 082 | 0 | 0 | _bROC 1929 |
| 100 | 1 |
_aRobson, James, _999574 |
|
| 245 | 1 | 0 |
_aChrist in Islam / _cby Rev. James Robson. |
| 260 |
_aLondon : _bJ. Murray, _c1929. |
||
| 300 |
_a128 p. ; _c17 cm. |
||
| 490 | 0 | _aWisdom of the East | |
| 600 | 0 | 0 |
_aJesus Christ. _999577 |
| 650 | 0 |
_aChristianity and other religions _xIslam. _95518 |
|
| 650 | 0 |
_aIslam. _999576 |
|
| 942 |
_2ddc _cBK |
||
| 999 |
_c32741 _d32741 |
||